Meiste Arbeitslosigkeitsquote - Statistiken

Allgemein
  • Dieses Quiz wurde 17 mal gespielt
  • Das Durchschnittsergebnis liegt bei 6 aus 15
Antwortstatistiken
Arbeitslosgkeitsquote Land % Korrekt
33,6 % Südafrika
69%
23,0 % Republik Kongo
63%
25,8 % Eswatini
56%
24,6 % Lesotho
56%
21,7 % Namibia
56%
35,4 % Venezuela
56%
24,7 % Botswana
50%
25,8 % Kosovo
44%
22,3 % Gabun
31%
20,9 % Armenien
25%
28,4 % Dschibuti
25%
22,9 % Grenada
13%
21,6 % St. Vincent und die Grenadinen
13%
30,6 % Kiribati
6%
24,9 % Palästina
6%
Keine übereinstimmenden Quizze gefunden
Verteilung der Resultate
Anzahl Personen mit jedem Resultat
Perzentil nach korrekt beantworteten Fragen
Ihre Resultats-Entwicklung
Sie haben dieses Quiz noch nicht gespielt